[Event "34. Copenhagen Open (Politiken Cup)"]
[Site "Elsinore"]
[Date "2012.08.04"]
[Round "9"]
[White "Jensen, Michael Agermose"]
[Black "Nielsen, Lars Aaes"]
[Result "0-1"]
[WhiteElo "2113"]
[BlackElo "2254"]
[PlyCount "78"]
[EventDate "2012.07.28"]
[EventType "swiss"]
[EventRounds "10"]
[EventCountry "DEN"]
[Source "ChessBase"]
[SourceDate "2012.08.24"]

1. e4 e6 2. d4 d5 3. Nc3 Bb4 4. Nge2 dxe4 5. a3 Be7 6. Nxe4 Nf6 7. Nxf6+ Bxf6
8. Be3 b6 9. Nc3 Bb7 10. Qd2 O-O 11. O-O-O Nd7 12. h4 c5 13. d5 Bxc3 14. Qxc3
exd5 15. Bg5 Qc7 16. Rh3 f6 17. Bd2 Kh8 18. h5 d4 19. Qb3 Ne5 20. Qg3 Rac8 21.
f4 Nf7 22. Bd3 Nh6 23. Bxh7 Kxh7 24. Qg6+ Kh8 25. f5 Qf7 26. Bxh6 gxh6 27.
Qxh6+ Qh7 28. Qf4 Rg8 29. Rg1 Rg5 30. g4 Qc7 31. Qd2 Rcg8 32. Re1 Bd5 33. Rh2
Qh7 34. c3 Rxg4 35. cxd4 Rxd4 36. Qe3 Re4 37. Qd2 Rxe1+ 38. Qxe1 Qxf5 39. Rd2
Bb3 0-1

[Event "34. Copenhagen Open (Politiken Cup)"]
[Site "Elsinore"]
[Date "2012.08.04"]
[Round "9"]
[White "Jensen, Morten Frank"]
[Black "Hansen, Verner"]
[Result "0-1"]
[WhiteElo "2037"]
[BlackElo "1878"]
[PlyCount "62"]
[EventDate "2012.07.28"]
[EventType "swiss"]
[EventRounds "10"]
[EventCountry "DEN"]
[Source "ChessBase"]
[SourceDate "2012.08.24"]

1. b3 d5 2. Bb2 e6 3. e3 Nf6 4. Nf3 Nbd7 5. Be2 Bd6 6. c4 c6 7. d4 b6 8. O-O
O-O 9. Ba3 Bxa3 10. Nxa3 Qe7 11. Nc2 c5 12. Ne5 Bb7 13. f3 Nxe5 14. dxe5 Nd7
15. cxd5 exd5 16. f4 Rfd8 17. Bf3 Nf8 18. Qd3 Rac8 19. Rad1 Ne6 20. Bg4 Rc7 21.
Rf3 c4 22. Qd2 d4 23. Rg3 d3 24. Bxe6 c3 25. Qe1 fxe6 26. Nd4 d2 27. Qe2 c2 28.
Qxd2 cxd1=Q+ 29. Qxd1 Qc5 30. Qg4 Qc1+ 31. Kf2 Rc2+ 0-1

[Event "34. Copenhagen Open (Politiken Cup)"]
[Site "Elsinore"]
[Date "2012.08.04"]
[Round "9"]
[White "Jensen, Simon Stibolt"]
[Black "Christophersen, David"]
[Result "0-1"]
[WhiteElo "1687"]
[BlackElo "1832"]
[PlyCount "94"]
[EventDate "2012.07.28"]
[EventType "swiss"]
[EventRounds "10"]
[EventCountry "DEN"]
[Source "ChessBase"]
[SourceDate "2012.08.24"]

1. e4 d6 2. d4 Nf6 3. Bd3 g6 4. c3 Bg7 5. Bg5 h6 6. Bh4 Nbd7 7. Nf3 b6 8. O-O
g5 9. Bg3 Nh5 10. Nbd2 Nxg3 11. fxg3 Bb7 12. Qe2 c6 13. Rf2 Qc7 14. Raf1 O-O-O
15. Ba6 f6 16. Bc4 Kb8 17. Be6 Nf8 18. Bc4 b5 19. Bb3 h5 20. d5 Ng6 21. Nd4 Qb6
22. Ne6 Rdg8 23. dxc6 Bxc6 24. Nxg5 fxg5 25. Bxg8 Rxg8 26. Qxh5 Bf6 27. Kh1 Ne5
28. Qe2 Bd7 29. h3 Rh8 30. Kg1 g4 31. h4 Bxh4 32. gxh4 g3 33. Nb3 gxf2+ 34.
Rxf2 Ng4 35. Nd4 Nxf2 36. Qxf2 e5 37. Qf6 Rd8 38. h5 exd4 39. cxd4 d5 40. Qe5+
Qc7 41. Qxd5 Bc6 42. Qc5 Bxe4 43. Qxb5+ Qb7 44. Qe5+ Ka8 45. h6 Rg8 46. Kf2
Bxg2 47. h7 Qxb2+ 0-1

[Event "34. Copenhagen Open (Politiken Cup)"]
[Site "Elsinore"]
[Date "2012.08.04"]
[Round "9"]
[White "Jensen, Torben Brieghel"]
[Black "Jensen, Hans Askov"]
[Result "1-0"]
[WhiteElo "1514"]
[BlackElo "1592"]
[PlyCount "85"]
[EventDate "2012.07.28"]
[EventType "swiss"]
[EventRounds "10"]
[EventCountry "DEN"]
[Source "ChessBase"]
[SourceDate "2012.08.24"]

1. e4 e5 2. Nf3 Nc6 3. Bb5 a6 4. Ba4 Nf6 5. O-O Bc5 6. c3 b5 7. Bc2 d6 8. d4
Ba7 9. h3 O-O 10. Bg5 h6 11. Bh4 Rb8 12. b4 a5 13. a3 Re8 14. Re1 a4 15. dxe5
Nxe5 16. Nxe5 Rxe5 17. Kh1 Bb7 18. Nd2 Re6 19. Nf1 Qf8 20. f3 Rbe8 21. Bxf6
Rxf6 22. Qd3 Re5 23. Ne3 Bxe3 24. Rxe3 g6 25. c4 Bc6 26. Rf1 Rfe6 27. Rfe1 Qe8
28. Qc3 f5 29. cxb5 Bxb5 30. Qxc7 d5 31. f4 Re7 32. Qd6 R5e6 33. Qxd5 Bc6 34.
Qc4 Qa8 35. Rg3 Kh7 36. e5 Bd5 37. Qe2 Qc6 38. h4 h5 39. Qd1 Ra7 40. Bxf5 gxf5
41. Qxh5+ Rh6 42. Qxf5+ Rg6 43. h5 1-0

[Event "34. Copenhagen Open (Politiken Cup)"]
[Site "Elsinore"]
[Date "2012.08.04"]
[Round "9"]
[White "Johansen, Stian"]
[Black "Lofgren, Claes"]
[Result "0-1"]
[WhiteElo "2021"]
[BlackElo "2111"]
[PlyCount "98"]
[EventDate "2012.07.28"]
[EventType "swiss"]
[EventRounds "10"]
[EventCountry "DEN"]
[Source "ChessBase"]
[SourceDate "2012.08.24"]

1. e4 c5 2. Nf3 e6 3. d4 cxd4 4. Nxd4 a6 5. c4 Nf6 6. Nc3 Qc7 7. Be3 Nc6 8. Be2
Bb4 9. f3 Bxc3+ 10. bxc3 d6 11. O-O Ne5 12. Qb3 O-O 13. Rab1 Nfd7 14. Rfd1 b6
15. f4 Ng6 16. f5 exf5 17. Nxf5 Nc5 18. Qxb6 Qxb6 19. Rxb6 Nxe4 20. Nxd6 Nxc3
21. Re1 Nxe2+ 22. Rxe2 Bg4 23. Rc2 Ne7 24. h3 Be6 25. Bf2 Nc8 26. c5 Nxb6 27.
cxb6 Rab8 28. b7 Bd5 29. Rc7 Bxb7 30. Rxb7 Rxb7 31. Nxb7 Rb8 32. Nd6 Rb1+ 33.
Kh2 Rb2 34. Bd4 Rxa2 35. Nf5 g6 36. Nh6+ Kf8 37. Bc5+ Ke8 38. Ng4 Kd7 39. Nf6+
Kc6 40. Bd4 h5 41. Kg3 a5 42. Kf3 a4 43. Ne4 a3 44. g4 hxg4+ 45. hxg4 Rc2 46.
Ng5 Kd5 47. Bf6 Rc1 48. Kg3 a2 49. Kh4 Rh1+ 0-1

[Event "34. Copenhagen Open (Politiken Cup)"]
[Site "Elsinore"]
[Date "2012.08.04"]
[Round "9"]
[White "Jorgensen, Carina Eilegaard"]
[Black "Christenson, Bjorn Aa"]
[Result "1-0"]
[WhiteElo "2039"]
[BlackElo "1888"]
[PlyCount "95"]
[EventDate "2012.07.28"]
[EventType "swiss"]
[EventRounds "10"]
[EventCountry "DEN"]
[Source "ChessBase"]
[SourceDate "2012.08.24"]

1. d4 Nf6 2. Nf3 e6 3. Bf4 b6 4. e3 Bb7 5. Bd3 Be7 6. h3 d6 7. O-O Nbd7 8. c3
c5 9. Bh2 O-O 10. Nbd2 d5 11. Ne5 Nxe5 12. dxe5 Ne4 13. Qc2 Nxd2 14. Qxd2 d4
15. exd4 Qd5 16. f3 Rfd8 17. Be4 Qd7 18. Bxb7 Qxb7 19. Rfd1 cxd4 20. c4 a5 21.
Kh1 d3 22. a3 Bc5 23. Bf4 Qc7 24. Rac1 Bd4 25. Bg5 f6 26. exf6 gxf6 27. Be3 e5
28. b3 Qc5 29. Bxd4 Rxd4 30. b4 Qc6 31. c5 axb4 32. axb4 b5 33. Qc3 Rad8 34.
Qb3+ Kf8 35. Rd2 h5 36. Ra1 e4 37. Ra7 R4d7 38. Rxd7 Rxd7 39. fxe4 Qxe4 40. Qc3
Qe1+ 41. Kh2 Qf1 42. c6 Re7 43. Qxd3 Qf4+ 44. g3 Qe5 45. Qd4 Ke8 46. Qd8+ Kf7
47. Qd5+ Ke8 48. Qg8# 1-0

[Event "34. Copenhagen Open (Politiken Cup)"]
[Site "Elsinore"]
[Date "2012.08.04"]
[Round "9"]
[White "Justinussen, Sigurd B"]
[Black "Undheim, Bjarne"]
[Result "1/2-1/2"]
[WhiteElo "1952"]
[BlackElo "1817"]
[PlyCount "111"]
[EventDate "2012.07.28"]
[EventType "swiss"]
[EventRounds "10"]
[EventCountry "DEN"]
[Source "ChessBase"]
[SourceDate "2012.08.24"]

1. d4 d5 2. Nf3 Nc6 3. Bf4 Bg4 4. e3 e6 5. Be2 Bd6 6. Bxd6 Qxd6 7. c3 Nf6 8.
Nbd2 O-O-O 9. Ng5 Bxe2 10. Qxe2 Rd7 11. Nb3 Re7 12. Nf3 Ne4 13. Nfd2 Nf6 14.
O-O-O e5 15. Qb5 exd4 16. Nc5 Nd8 17. cxd4 Qc6 18. Qxc6 Nxc6 19. h3 Nd7 20. Nd3
Rhe8 21. Nb3 Nd8 22. Kd2 Nf6 23. Rhe1 Ne6 24. Ke2 Ne4 25. Kf1 f6 26. Rc1 c6 27.
Rc2 Kb8 28. Rec1 g5 29. Na5 h5 30. b4 g4 31. hxg4 hxg4 32. a4 g3 33. f3 Nd6 34.
b5 Rh7 35. Rb2 Nxd4 36. Ke1 Rh2 37. bxc6 Nxf3+ 38. Kd1 Rxe3 39. Nf4 Re1+ 40.
Kc2 Nd4+ 41. Kb1 Rxc1+ 42. Kxc1 b6 43. Kd2 Kc8 44. Kd3 Nf3 45. Nb3 Nc4 46. Re2
Nfe5+ 47. Kc3 Kc7 48. Nxd5+ Kxc6 49. Nxf6 Rh6 50. Ne4 a6 51. Nxg3 Rd6 52. Nd4+
Kd5 53. Ngf5 Rd7 54. Nf3 Rc7 55. Nxe5 Nxe5+ 56. Kb3 1/2-1/2

[Event "34. Copenhagen Open (Politiken Cup)"]
[Site "Elsinore"]
[Date "2012.08.04"]
[Round "9"]
[White "Karlsson, Jorgen"]
[Black "Andersen, Finn"]
[Result "1-0"]
[WhiteElo "2163"]
[BlackElo "2036"]
[PlyCount "203"]
[EventDate "2012.07.28"]
[EventType "swiss"]
[EventRounds "10"]
[EventCountry "DEN"]
[Source "ChessBase"]
[SourceDate "2012.08.24"]

1. Nf3 d6 2. g3 e5 3. d3 g6 4. Bg2 Bg7 5. c4 Nc6 6. Nc3 h6 7. Rb1 Nd4 8. e3
Nxf3+ 9. Bxf3 c6 10. e4 Be6 11. b4 Qd7 12. h4 Ne7 13. Qa4 O-O 14. b5 c5 15. h5
g5 16. Qd1 Kh7 17. g4 Ng8 18. Be2 Nf6 19. f3 Ng8 20. O-O Nf6 21. Rf2 Rg8 22.
Rg2 Rgf8 23. Bd2 Rg8 24. Be1 Rgf8 25. Qc1 Rg8 26. Nd1 Ne8 27. Ne3 Bf6 28. a4
Be7 29. Bd1 Bf6 30. a5 Ng7 31. Rh2 Rgf8 32. Qa3 Qe7 33. Ba4 Rg8 34. Kf1 Rgf8
35. Bc3 Rg8 36. Qa1 Rgf8 37. Bb3 Rg8 38. Ke2 Qf8 39. Rg1 Qe7 40. Kd2 Qd8 41.
Bd1 Qe7 42. Kc2 Qd8 43. Rf2 Ne8 44. Be2 Qe7 45. Rgf1 Qd8 46. Qb2 Qe7 47. Bd1
Bg7 48. Kd2 Qd8 49. Bc2 Kh8 50. Bb1 Qe7 51. Qc2 Bf6 52. Kc1 Qf8 53. Kb2 Qg7 54.
Ka3 Qf8 55. Re1 Qg7 56. Qe2 Qf8 57. Ref1 Qe7 58. Qb2 Qd8 59. Qc2 Rg7 60. Re2
Qe7 61. Rfe1 Qf8 62. Nd5 Bxd5 63. exd5 Qg8 64. Qb2 Qf8 65. Re4 Rg8 66. Qc2 Qg7
67. R1e3 Rb8 68. Re1 Ra8 69. Rf1 Rb8 70. Ka2 Ra8 71. Ree1 Rb8 72. Qe2 Rd8 73.
Qe4 Rf8 74. Rf2 Rg8 75. Qf5 Rf8 76. Kb3 Rg8 77. Bb2 Rf8 78. Rfe2 Rg8 79. Bc2
Rf8 80. Qe4 Rg8 81. d4 cxd4 82. Qd3 Nc7 83. Qf5 Rge8 84. b6 axb6 85. axb6 Na6
86. Bxd4 Rf8 87. Bf2 Kg8 88. Bd3 Kh8 89. Ra2 Kg8 90. Be4 Rfe8 91. Rea1 Re7 92.
Ra5 Ree8 93. Rxa6 bxa6 94. Rxa6 Ra8 95. Qd7 Qf8 96. Ra7 Rab8 97. Qf5 Qg7 98.
Rd7 Be7 99. b7 Kf8 100. Ba7 Kg8 101. Bxb8 Rxb8 102. Rxe7 1-0

[Event "34. Copenhagen Open (Politiken Cup)"]
[Site "Elsinore"]
[Date "2012.08.04"]
[Round "9"]
[White "Karlsson, Robin"]
[Black "Haugsdal, Arn Tore"]
[Result "0-1"]
[WhiteElo "1978"]
[BlackElo "2068"]
[PlyCount "76"]
[EventDate "2012.07.28"]
[EventType "swiss"]
[EventRounds "10"]
[EventCountry "DEN"]
[Source "ChessBase"]
[SourceDate "2012.08.24"]

1. d4 Nf6 2. c4 e5 3. dxe5 Ng4 4. Nf3 Bc5 5. e3 Nc6 6. Be2 O-O 7. O-O Re8 8.
Nbd2 Bxe3 9. fxe3 Nxe3 10. Qb3 Nxf1 11. Nxf1 Nxe5 12. Bf4 d6 13. Nxe5 dxe5 14.
Rd1 Qh4 15. Bg3 Qg5 16. Qe3 h6 17. Rd5 f6 18. Qc5 c6 19. Rd1 Bg4 20. Bxg4 Qxg4
21. Ne3 Qe2 22. Qa3 Rad8 23. Re1 Qd2 24. Rd1 Qe2 25. Re1 Qh5 26. Qxa7 Qf7 27.
Qc5 Rd2 28. Qb4 Red8 29. Nf1 R2d3 30. Ne3 R8d4 31. Qa4 Re4 32. Bf2 Qd7 33. Qc2
Qd4 34. h3 Rd2 35. Qb3 Rxb2 36. Qa3 Rxf2 37. Kxf2 Qd2+ 38. Kf3 Rf4+ 0-1

[Event "34. Copenhagen Open (Politiken Cup)"]
[Site "Elsinore"]
[Date "2012.08.04"]
[Round "9"]
[White "Klings, Peter"]
[Black "Larsen, Karsten"]
[Result "1-0"]
[WhiteElo "2178"]
[BlackElo "2331"]
[PlyCount "43"]
[EventDate "2012.07.28"]
[EventType "swiss"]
[EventRounds "10"]
[EventCountry "DEN"]
[Source "ChessBase"]
[SourceDate "2012.08.24"]

1. e4 c6 2. d4 d5 3. Nd2 g6 4. Ngf3 Bg7 5. h3 Nh6 6. Bd3 O-O 7. O-O Nd7 8. Re1
c5 9. exd5 cxd4 10. Qe2 Nb6 11. Nb3 Nxd5 12. Nbxd4 e6 13. Bc4 Qd6 14. Bg5 Bd7
15. Rad1 Rac8 16. Bb3 Qc5 17. Qd2 Nf5 18. Nxf5 gxf5 19. c4 Nb6 20. Be3 Nxc4 21.
Bxc5 Nxd2 22. Bxf8 1-0

[Event "34. Copenhagen Open (Politiken Cup)"]
[Site "Elsinore"]
[Date "2012.08.04"]
[Round "9"]
[White "Kyrkjebo, Erlend"]
[Black "Schultz Pedersen, Jesper"]
[Result "0-1"]
[WhiteElo "2035"]
[BlackElo "2172"]
[PlyCount "58"]
[EventDate "2012.07.28"]
[EventType "swiss"]
[EventRounds "10"]
[EventCountry "DEN"]
[Source "ChessBase"]
[SourceDate "2012.08.24"]

1. e4 Nc6 2. Nf3 e5 3. Nc3 Nf6 4. Bb5 d6 5. d4 exd4 6. Nxd4 Bd7 7. Bxc6 bxc6 8.
Qf3 Rb8 9. b3 Be7 10. Nf5 O-O 11. Bb2 Bxf5 12. exf5 d5 13. O-O-O Nd7 14. g4 Re8
15. h4 Bxh4 16. Qh3 Bg5+ 17. Kb1 h6 18. Qh2 Rb4 19. f3 Ne5 20. a3 Nxf3 21. Qg2
Rf4 22. Ne2 Nh4 23. Rxh4 Rxe2 24. Qxe2 Bxh4 25. Bd4 Qe7 26. Qa6 Rxd4 27. Rxd4
Qe1+ 28. Kb2 Bf6 29. Qxa7 Qd2 0-1

[Event "34. Copenhagen Open (Politiken Cup)"]
[Site "Elsinore"]
[Date "2012.08.04"]
[Round "9"]
[White "Kyrkjebo, Hanna Bakken"]
[Black "Satre, Roger"]
[Result "1-0"]
[WhiteElo "1536"]
[BlackElo "1866"]
[PlyCount "71"]
[EventDate "2012.07.28"]
[EventType "swiss"]
[EventRounds "10"]
[EventCountry "DEN"]
[Source "ChessBase"]
[SourceDate "2012.08.24"]

1. e4 c5 2. Nc3 Nc6 3. g3 g6 4. Bg2 Bg7 5. d3 d6 6. f4 Nf6 7. Nf3 Bg4 8. h3 Be6
9. O-O O-O 10. Be3 Rb8 11. g4 h5 12. Nh2 Bd7 13. f5 Ne5 14. Kh1 Kh7 15. Rg1
hxg4 16. hxg4 Rh8 17. Bf3 e6 18. g5 Nxf3 19. Qxf3 Nh5 20. f6 Bf8 21. Kg2 Bc6
22. Kf1 d5 23. Bf4 Nxf4 24. Qxf4 Bd6 25. e5 Bc7 26. Ng4 Kg8 27. Ke2 Rh5 28. Rh1
Kh7 29. Rxh5+ gxh5 30. Qh2 Kg6 31. Nf2 Qh8 32. Rh1 Ba5 33. Ng4 Bxc3 34. Nh6
Bxe5 35. Qxh5+ Kh7 36. Qxf7+ 1-0

[Event "34. Copenhagen Open (Politiken Cup)"]
[Site "Elsinore"]
[Date "2012.08.04"]
[Round "9"]
[White "L'Ami, Alina"]
[Black "Romanov, Evgeny"]
[Result "1/2-1/2"]
[WhiteElo "2372"]
[BlackElo "2623"]
[PlyCount "59"]
[EventDate "2012.07.28"]
[EventType "swiss"]
[EventRounds "10"]
[EventCountry "DEN"]
[Source "ChessBase"]
[SourceDate "2012.08.24"]

1. d4 d5 2. c4 dxc4 3. Nf3 Nf6 4. e3 b5 5. a4 b4 6. Bxc4 e6 7. O-O Be7 8. Nbd2
O-O 9. e4 Bb7 10. Qe2 c5 11. e5 Nd5 12. Ne4 cxd4 13. Bd3 Nd7 14. Neg5 g6 15. h4
Nc5 16. h5 Nxd3 17. Qxd3 Nc7 18. Rd1 Qd5 19. Qd2 Bxg5 20. Qxg5 Qb3 21. Rxd4
Bxf3 22. hxg6 fxg6 23. Rd7 Bc6 24. Rxh7 Qd1+ 25. Kh2 Kxh7 26. Qh6+ Kg8 27.
Qxg6+ Kh8 28. Qh6+ Kg8 29. Qg6+ Kh8 30. Qh6+ 1/2-1/2

[Event "34. Copenhagen Open (Politiken Cup)"]
[Site "Elsinore"]
[Date "2012.08.04"]
[Round "9"]
[White "L'Ami, Erwin"]
[Black "Kristiansen, Jens"]
[Result "1-0"]
[WhiteElo "2615"]
[BlackElo "2426"]
[PlyCount "81"]
[EventDate "2012.07.28"]
[EventType "swiss"]
[EventRounds "10"]
[EventCountry "DEN"]
[Source "ChessBase"]
[SourceDate "2012.08.24"]

1. d4 f5 2. Nc3 Nf6 3. Bg5 d5 4. e3 e6 5. Nf3 Be7 6. Bd3 O-O 7. O-O Nbd7 8. Ne2
Ne4 9. Bxe7 Qxe7 10. c4 c6 11. Qc2 Rf6 12. c5 e5 13. Nxe5 Nxe5 14. dxe5 Qxe5
15. f4 Qe7 16. Bxe4 fxe4 17. Nd4 b6 18. Rfc1 Bd7 19. b4 g5 20. f5 bxc5 21. Qxc5
Qe5 22. Rf1 Raf8 23. Rac1 Rh6 24. g3 Rhf6 25. Rf2 R8f7 26. Rcf1 a6 27. a3 h5
28. Qc2 Kh7 29. Qe2 Kh6 30. g4 a5 31. Rg2 axb4 32. axb4 Rg7 33. Kh1 hxg4 34.
Qxg4 Kh7 35. Rg3 Rh6 36. Rh3 Rxh3 37. Qxh3+ Kg8 38. Qh6 Be8 39. Ne6 Rf7 40.
Qxg5+ Kh8 41. Qh6+ 1-0

[Event "34. Copenhagen Open (Politiken Cup)"]
[Site "Elsinore"]
[Date "2012.08.04"]
[Round "9"]
[White "Haagen Larsen, Hans"]
[Black "Stolberg Rohr, Thomine"]
[Result "0-1"]
[WhiteElo "1775"]
[BlackElo "1991"]
[PlyCount "90"]
[EventDate "2012.07.28"]
[EventType "swiss"]
[EventRounds "10"]
[EventCountry "DEN"]
[Source "ChessBase"]
[SourceDate "2012.08.24"]

1. e4 d6 2. d4 g6 3. Nf3 Bg7 4. Nc3 Bg4 5. Be3 Nc6 6. Qd2 e5 7. d5 Nce7 8. Be2
f5 9. exf5 Nxf5 10. h3 Bxf3 11. Bxf3 Nxe3 12. Qxe3 Bh6 13. Qd3 a6 14. Bg4 Nf6
15. Be6 Rf8 16. g4 Nd7 17. Ne4 Rf4 18. O-O Qh4 19. Qg3 Qxg3+ 20. Nxg3 Ke7 21.
Rae1 Nc5 22. Ne2 Nxe6 23. dxe6 Rc4 24. c3 Rf8 25. b3 Re4 26. f3 Re3 27. Kg2 Rd3
28. h4 Be3 29. Rd1 Rxd1 30. Rxd1 Kxe6 31. c4 e4 32. fxe4 Rf2+ 33. Kg3 Rxe2 34.
Kf3 Rd2 35. Rf1 Bd4 36. Rh1 Rf2+ 37. Kg3 Rxa2 38. g5 Rb2 39. Kg4 Rxb3 40. h5 a5
41. hxg6 hxg6 42. Rh6 Kf7 43. Rh7+ Bg7 44. Rh2 a4 45. Ra2 a3 0-1

[Event "34. Copenhagen Open (Politiken Cup)"]
[Site "Elsinore"]
[Date "2012.08.04"]
[Round "9"]
[White "Larsen, Ulrik Jejlskov"]
[Black "Andersen, Daniel"]
[Result "1-0"]
[WhiteElo "2010"]
[BlackElo "1870"]
[PlyCount "35"]
[EventDate "2012.07.28"]
[EventType "swiss"]
[EventRounds "10"]
[EventCountry "DEN"]
[Source "ChessBase"]
[SourceDate "2012.08.24"]

1. e4 e6 2. d3 c5 3. Nf3 Nc6 4. g3 g6 5. Bg2 Bg7 6. O-O Nge7 7. Nbd2 O-O 8. Re1
d5 9. e5 h6 10. h4 g5 11. hxg5 hxg5 12. Nxg5 Ng6 13. Qh5 Re8 14. Ndf3 Qe7 15.
Nxf7 Qxf7 16. Ng5 Qf5 17. Bh3 Qxg5 18. Bxg5 1-0

[Event "34. Copenhagen Open (Politiken Cup)"]
[Site "Elsinore"]
[Date "2012.08.04"]
[Round "9"]
[White "Markus, Robert"]
[Black "Glud, Jakob Vang"]
[Result "1/2-1/2"]
[WhiteElo "2599"]
[BlackElo "2498"]
[PlyCount "61"]
[EventDate "2012.07.28"]
[EventType "swiss"]
[EventRounds "10"]
[EventCountry "DEN"]
[Source "ChessBase"]
[SourceDate "2012.08.24"]

1. d4 d5 2. c4 e6 3. Nf3 Nf6 4. g3 Bb4+ 5. Bd2 Be7 6. Bg2 O-O 7. O-O c6 8. Qb3
b6 9. Bf4 Nbd7 10. Nc3 Ba6 11. cxd5 cxd5 12. Rfc1 Nh5 13. Bd2 Bb7 14. Rc2 Rc8
15. Rac1 Rc4 16. Nb5 a6 17. Na3 Rxc2 18. Rxc2 Bd6 19. Bb4 Qb8 20. Ne5 Nhf6 21.
Nb1 Bxb4 22. Nxd7 Nxd7 23. Qxb4 Rc8 24. Rxc8+ Qxc8 25. Nc3 Qf8 26. Qa4 Qd6 27.
e3 Kf8 28. Bf1 Nb8 29. f3 Ke7 30. Kf2 g6 31. Bd3 1/2-1/2

[Event "34. Copenhagen Open (Politiken Cup)"]
[Site "Elsinore"]
[Date "2012.08.04"]
[Round "9"]
[White "Marttala, Thomas"]
[Black "Skjoldager, Mikael"]
[Result "1-0"]
[WhiteElo "2193"]
[BlackElo "2077"]
[PlyCount "59"]
[EventDate "2012.07.28"]
[EventType "swiss"]
[EventRounds "10"]
[EventCountry "DEN"]
[Source "ChessBase"]
[SourceDate "2012.08.24"]

1. e4 e5 2. Bc4 Nf6 3. d3 Nc6 4. Nc3 Na5 5. Nge2 Nxc4 6. dxc4 Bb4 7. O-O Bxc3
8. Nxc3 d6 9. Qd3 b6 10. Bg5 Bb7 11. a4 h6 12. Bd2 O-O 13. a5 bxa5 14. Rxa5 c6
15. Rfa1 a6 16. h3 Qe7 17. Be3 Nd7 18. Rd1 d5 19. cxd5 Rfd8 20. dxc6 Bxc6 21.
Nd5 Qh4 22. g3 Qxh3 23. Ne7+ Kh7 24. Nxc6 Nf6 25. Nxd8 Ng4 26. Qd7 Ra7 27. Bxa7
Qh2+ 28. Kf1 Qh1+ 29. Ke2 Qxe4+ 30. Be3 1-0

[Event "34. Copenhagen Open (Politiken Cup)"]
[Site "Elsinore"]
[Date "2012.08.04"]
[Round "9"]
[White "Mortensen, Henrik"]
[Black "Hinrichs, Lars"]
[Result "0-1"]
[WhiteElo "2018"]
[BlackElo "1877"]
[PlyCount "62"]
[EventDate "2012.07.28"]
[EventType "swiss"]
[EventRounds "10"]
[EventCountry "DEN"]
[Source "ChessBase"]
[SourceDate "2012.08.24"]

1. d4 Nf6 2. Nc3 d5 3. Bg5 e6 4. e4 Be7 5. e5 Nfd7 6. Bxe7 Qxe7 7. f4 a6 8. Nf3
c5 9. Bd3 Nc6 10. O-O cxd4 11. Ne2 Qb4 12. Ng3 Nc5 13. f5 Nxd3 14. Qxd3 Qc4 15.
Rad1 Qxd3 16. Rxd3 O-O 17. fxe6 Bxe6 18. Nxd4 Nxe5 19. Nxe6 fxe6 20. Re3 Rxf1+
21. Kxf1 Nc4 22. Rxe6 Nxb2 23. Rb6 Nc4 24. Rxb7 Ne3+ 25. Ke2 Re8 26. Kd3 g6 27.
Ra7 Re6 28. Rd7 Nxg2 29. Ne2 Ne1+ 30. Kd2 Nf3+ 31. Kd3 Ne5+ 0-1

[Event "34. Copenhagen Open (Politiken Cup)"]
[Site "Elsinore"]
[Date "2012.08.04"]
[Round "9"]
[White "Nielsen, Aage Sondergaard"]
[Black "Veng, Johny"]
[Result "0-1"]
[WhiteElo "1957"]
[BlackElo "2274"]
[PlyCount "108"]
[EventDate "2012.07.28"]
[EventType "swiss"]
[EventRounds "10"]
[EventCountry "DEN"]
[Source "ChessBase"]
[SourceDate "2012.08.24"]

1. e4 c5 2. Nc3 a6 3. f4 b5 4. Nf3 Bb7 5. d3 e6 6. Qe2 Be7 7. g3 d5 8. Bg2 Nf6
9. e5 Ng8 10. O-O Nh6 11. Bd2 Nc6 12. Nd1 Qb6 13. c3 b4 14. h3 Nf5 15. Kh2 h5
16. Ne3 g6 17. Nxf5 gxf5 18. h4 Kf8 19. Ng5 Kg7 20. Bf3 Kg6 21. a3 a5 22. axb4
cxb4 23. Rfc1 Ba6 24. Nh3 Bc5 25. Be1 Qb5 26. Bf2 Bxf2 27. Nxf2 Qb6 28. Nd1 Qb5
29. Nf2 Rac8 30. Qd1 d4 31. c4 Qb6 32. b3 Bb7 33. Rc2 Nd8 34. Rca2 Ra8 35. Nh3
Bxf3 36. Qxf3 Nb7 37. Rg1 Kg7 38. Nf2 Nc5 39. Rb1 Kg6 40. Kh3 Kg7 41. Rab2 a4
42. bxa4 Rxa4 43. Kh2 b3 44. Qd1 Ra3 45. Ra1 Qa5 46. Rxa3 Qxa3 47. Qb1 Kh6 48.
Nd1 Rg8 49. Kg2 Qa8+ 50. Kh2 Qf3 51. Rg2 Ra8 52. Nb2 Ra2 53. Kh3 Na4 54. Kh2
Qxg2+ 0-1

[Event "34. Copenhagen Open (Politiken Cup)"]
[Site "Elsinore"]
[Date "2012.08.04"]
[Round "9"]
[White "Nielsen, Jens Holm"]
[Black "Caceres, Cipriano Sande"]
[Result "1-0"]
[WhiteElo "1914"]
[BlackElo "1709"]
[PlyCount "69"]
[EventDate "2012.07.28"]
[EventType "swiss"]
[EventRounds "10"]
[EventCountry "DEN"]
[Source "ChessBase"]
[SourceDate "2012.08.24"]

1. Nc3 Nf6 2. f4 d5 3. e3 Nc6 4. Nf3 Bg4 5. d3 d4 6. Ne4 e5 7. Be2 dxe3 8. Bxe3
Nd5 9. Qd2 f5 10. Nf2 exf4 11. Bxf4 Nxf4 12. Qxf4 Bd6 13. Qe3+ Be7 14. c3 Qd7
15. h3 Bh5 16. Ne5 Nxe5 17. Bxh5+ Ng6 18. O-O-O Rf8 19. Rhe1 Rf7 20. Kb1 Qd6
21. d4 O-O-O 22. Nd3 Bh4 23. Qe6+ Qxe6 24. Rxe6 Re7 25. Rxe7 Nxe7 26. Bf3 Bg3
27. Nc5 c6 28. Rd2 Bh4 29. a4 b6 30. Ne6 Rd7 31. Re2 Bf6 32. g4 g6 33. g5 Bh8
34. Nf8 Rd8 35. Nxh7 1-0

[Event "34. Copenhagen Open (Politiken Cup)"]
[Site "Elsinore"]
[Date "2012.08.04"]
[Round "9"]
[White "Nielsen, Kai Gylling"]
[Black "Satre, Mathias"]
[Result "0-1"]
[WhiteElo "1888"]
[BlackElo "1722"]
[PlyCount "98"]
[EventDate "2012.07.28"]
[EventType "swiss"]
[EventRounds "10"]
[EventCountry "DEN"]
[Source "ChessBase"]
[SourceDate "2012.08.24"]

1. c4 c5 2. Nf3 Nc6 3. g3 g6 4. Bg2 Bg7 5. Nc3 e6 6. d3 Nge7 7. O-O O-O 8. Bd2
d5 9. cxd5 exd5 10. Qc1 b6 11. Bh6 Bb7 12. Bxg7 Kxg7 13. a3 Nf5 14. e3 d4 15.
e4 dxc3 16. exf5 cxb2 17. Qxb2+ Qf6 18. Qxf6+ Kxf6 19. fxg6 fxg6 20. h4 h6 21.
Nd2 Rad8 22. Ne4+ Kg7 23. Rfb1 Nd4 24. Rb2 Ba6 25. Bf1 Nf3+ 26. Kg2 Bxd3 27.
Bxd3 Rxd3 28. a4 Re8 29. Nd6 Nxh4+ 30. gxh4 Rxd6 31. a5 c4 32. axb6 axb6 33.
Ra7+ Kf6 34. Rb7 Ree6 35. Rb4 c3 36. Rc4 Rc6 37. Rc7 Rxc7 38. Rxc7 b5 39. Rxc3
b4 40. Rb3 Rb6 41. f4 Kf5 42. Kf3 Rb7 43. Kg3 Ke4 44. Kg4 Rb5 45. Rb1 b3 46.
Rb2 Kd3 47. Rxb3+ Rxb3 48. h5 gxh5+ 49. Kxh5 Ke4 0-1

[Event "34. Copenhagen Open (Politiken Cup)"]
[Site "Elsinore"]
[Date "2012.08.04"]
[Round "9"]
[White "Nielsen, Leo"]
[Black "Tandrup, Michael"]
[Result "0-1"]
[WhiteElo "1739"]
[BlackElo "1955"]
[PlyCount "112"]
[EventDate "2012.07.28"]
[EventType "swiss"]
[EventRounds "10"]
[EventCountry "DEN"]
[Source "ChessBase"]
[SourceDate "2012.08.24"]

1. e4 e6 2. d4 d5 3. Nc3 dxe4 4. Nxe4 Bd7 5. g3 Bc6 6. Bg2 f5 7. Bg5 Be7 8.
Bxe7 Qxe7 9. Qh5+ g6 10. Qe2 Bxe4 11. Bxe4 fxe4 12. O-O-O Nf6 13. Nh3 Nbd7 14.
Ng5 O-O-O 15. Nxe4 Nxe4 16. Qxe4 Rhf8 17. f4 Nf6 18. Qe2 Rd6 19. c4 Qd7 20.
Rhe1 Rd8 21. c5 Ra6 22. Kb1 Nd5 23. Rc1 Re8 24. Qc4 Qa4 25. Re5 b5 26. Qxa4
Rxa4 27. Rce1 Rxd4 28. c6 Nb4 29. a3 Nxc6 30. Rxb5 Rd2 31. Rc5 Nd4 32. h4 Kd7
33. Ra5 Rb8 34. b4 Rb7 35. h5 Nb3 36. Rg5 Rd5 37. Ree5 Rxe5 38. Rxe5 Nd4 39.
hxg6 hxg6 40. Rg5 Rb5 41. Rxg6 a5 42. Rg7+ Kd6 43. g4 axb4 44. axb4 Rxb4+ 45.
Ka2 Ne2 46. f5 exf5 47. gxf5 Rf4 48. Rg6+ Kd5 49. f6 c5 50. Kb2 Kc4 51. Kc2 Rf2
52. Kd1 Nc3+ 53. Ke1 Rf4 54. Rh6 Nd5 55. Ke2 Nxf6 56. Rh3 Rd4 0-1